01337njm a2200289Ia 450000100060000000300090000600500170001500800410003204000130007304000130008604100120009910000240011110000180013510000380015324500640019125000110025526000170026626000730028330000100035630000300036650000980039650502760049451100920077065000490086270000810091170000550099254185IT-RoPAU20220918181215.0131025s9999 xx 000 0 und d aIT-RoPAU cIT-RoPAU aINGLESE aWebber Andrew Lloyd eAutore musica gCodice autore musica SPICS: 11199 aPhantom of the Opera (The): Highlights (Musical 1987 in Lp) a1a ed. aWEST GERMANY bREALLY USEFUL GROUP PLCc1987 [1a Ed.:1987 - Ed. Lingua Orig.: 1987] aDISCO c60 minuti (Testo: 2 pag.) aMusical inglese. Cast originale londinese di "Fantasma dell'Opera". Testi stampati in inglese aThink of Me - Angel of Music - The Mirror Angel of Music - The Phantom of the Opera - The Music of the Night - Prima donna - All I Ask of You - Reprise - Entr'Acte - Wishing You Were Somehow Here Again - The Point of No Return - Down Once More... Track Down This Murderer aCrawford Michael, Brightman Sarah, Barton Steve, Savident John diretti da Reed Michael aMUSICAL [DISCHI]eCodice MATERIA SPICS: 9950 aHart CharleseAutore testo e musicagCodice autore testo/musica SPICS: 18946 aStilgoe RichardeAutoregCodice autoreSPICS: 18947